00582 2200229 4500001002100000005001700021008004100038020001800079035002400097082001200121090001900133100002100152245003800173250001100211260003700222300001900259650002300278850001500301985000600316999001500322990001500337YOGYA-0209000002996420090227024434.0 ind  a979-514-065-5 0010-020900000029964 a297.431 a297.431bSal R aSALIM, H.Hadiyah aRumahku nerakakucH.Hadiyah Salim aCet. 9 aBandungbRemaja Rosdakaryac1997 a143 hlmc18 cm aIslam dan keluarga aYOPDYOG(B) a1 a00b0001596 a51859-P/94